00448nam a22000977a 4500008004100000010001600041245007100057260002300128500015600151500004300307150619b xxu||||| |||| 00| 0 eng d 8HCCRSF: 004 aHIGH COURT CRIMINAL SESSION No.372 of 1969 Uganda Vs Matayo Okullo aHigh Court Kampala 3(original criminal Case No.MK491.of 1968 in the chief Magistrate's court of Gulu at Kitgum Before: His worship F.W. Kakembo, Esq., Magistrate Grd.1.)  3Before: Hon. Mr. Ag Justice E.A. Oteng